| 000 | 00668nam a22001817a 4500 | ||
|---|---|---|---|
| 003 | CEME | ||
| 005 | 20210628210609.0 | ||
| 008 | 210210b xxu||||| |||| 00| 0 eng d | ||
| 020 | _a0-697-15218-9 | ||
| 040 | _c. | ||
| 082 | _a796.07 BAU | ||
| 100 |
_aJackson, Andrew.S Baumgartner, Ted.A _980108 |
||
| 245 | _aMeasurement for evaluation in physical education and exercise science | ||
| 260 |
_aLOWA _bBROWN AND BENCHMARK _c1995 |
||
| 300 | _a460P | ||
| 650 |
_aPHYSICAL EDUCATION-USE OF COMPUTERS EXERCISE SCIENCE-USE OF COMPUTERS PERFORMANCE TESTING YOUTH FITNESS-EVALUTION FITNESS EVALUTION BODY COMPOSITION EVALUTION AEROBIC FITNESS _980109 |
||
| 942 |
_cBK _2ddc |
||
| 999 |
_c585073 _d585073 |
||